000 00460nam a2200157Ia 4500
003 Ost
005 20260507075658.0
008 260507s9999||||xx |||||||||||||| ||und||
040 _cfsecg
041 _aara
100 _aاي هاينز، ماريون
_eمؤلف
245 0 _aادارة الاداء /
_c ماريون اي هاينز
260 _aالرياض:
_bمعهد الادارة العامة,
_c2002
300 _a457 صفحة؛
942 _cكتاب
999 _c45761
_d45761